000
00306 a2200157 4500
001
170044
020
_a
040
_c
Magnum
100
_a
Leigh, Susannah
240
1
0
_a
A escola legal
_l
por
245
1
0
_a
A escola legal
362
0
_a
1899
440
1
_a
Scipione
697
_a
IJ/GERAL
942
_c
BK
999
_c
170044
_d
170044